书目信息 |
| 题名: |
幼学寓言百篇
|
|
| 作者: | 王兰 , 文默 编译 | |
| 分册: | ||
| 出版信息: | 太原 山西人民出版社 1982 |
|
| 页数: | 229页 | |
| 开本: | 19cm | |
| 丛书名: | ||
| 单 册: | ||
| 中图分类: | I287.7 , I28 | |
| 科图分类: | ||
| 主题词: | 儿童文学-寓言--中国--现代 , 寓言-儿童文学--中国--现代 | |
| 电子资源: | ||
| ISBN: | ||
| 000 | 00671nam0 2200253 45 | |
| 001 | 1554403528 | |
| 005 | 20150128150756.07 | |
| 010 | @dCNY0.55 | |
| 100 | @a19950415d1982 cemy0chiy0121 ea | |
| 101 | 0 | @achi |
| 102 | @aCN@b140000 | |
| 105 | @ay z 000zy | |
| 200 | 10 | @a幼学寓言百篇@Ayou xue yu yan bai pian@f王兰,文默同编译 |
| 210 | @a太原@c山西人民出版社@d1982 | |
| 215 | @a229页@d19cm | |
| 606 | @a儿童文学-寓言@y中国@z现代 | |
| 606 | @a寓言-儿童文学@y中国@z现代 | |
| 690 | @aI287.7@v3 | |
| 690 | @aI28@v4 | |
| 701 | 0 | @a王兰@Awang lan@4编译 |
| 701 | 0 | @a文默@Awen mo@4编译 |
| 801 | 0 | @aCN@bTSSF@c20150128 |
| 801 | 2 | @aCN@bNLC |
| 905 | @aZUCC@dI28@eJY26 | |
| 幼学寓言百篇/王兰,文默同编译.-太原:山西人民出版社,1982 |
| 229页;19cm |
| ISBN :CNY0.55 |
| ● |
| 相关链接 |
|
|
|
|
正题名:幼学寓言百篇
索取号:I28/JY26
 
预约/预借
| 序号 | 登录号 | 条形码 | 馆藏地/架位号 | 状态 | 备注 |
| 1 | 7837684 | 278376847 | 学院路分馆/ [索取号:I28/JY26] | 在馆 | |
| 2 | 7837686 | 278376865 | 学院路分馆/ [索取号:I28/JY26] | 在馆 | |
| 3 | 7837688 | 278376883 | 学院路分馆/ [索取号:I28/JY26] | 在馆 |